First Ladies Picture Quiz - Statistics

General Stats
  • This quiz has been taken 1,666 times
    1,663 since last reset
  • The average score is 20 of 45
Answer Stats
Picture Answer % Correct
Michelle Obama
99%
Hillary Clinton
97%
Melania Trump
92%
Jacqueline Kennedy
90%
Nancy Reagan
87%
Barbara Bush
80%
Anna Eleanor Roosevelt
78%
Laura Bush
78%
Elizabeth "Betty" Ford
67%
Eleanor Rosalynn Carter
64%
Thelma "Pat" Nixon
62%
Claudia "Lady Bird" Johnson
60%
Mamie Eisenhower
60%
Martha Washington
52%
Mary Todd Lincoln
50%
Elizabeth "Bess" Truman
46%
Abigail Adams
43%
Lou Henry Hoover
40%
Dolley Madison
39%
Edith Wilson
39%
Ida McKinley
35%
Frances Cleveland
33%
Grace Coolidge
33%
Edith Roosevelt
32%
Florence Harding
32%
Helen Taft
31%
Ana Harrison
30%
Ellen Wilson
30%
Julia Grant
29%
Lucretia Garfield
29%
Elizabeth Monroe
28%
Jane Pierce
28%
Julia Tyler
28%
Louisa Adams
28%
Martha Jefferson Randolph
27%
Sarah Polk
27%
Angelica SIngleton
26%
Harriet Lane
26%
Lucy Hayes
26%
Abigail Fillmore
25%
Caroline Harrison
25%
Eliza McCardle Johnson
24%
Letitia Tyler
24%
Margaret Taylor
24%
Emily Donelson
23%
No matching quizzes found
Score Distribution
Percent of People with Each Score
Percentile by Number Answered
Your Score History
You have not taken this quiz since the last reset